[Event "FIN-chT 0001"]
[Site "Finland"]
[Date "2000.11.24"]
[Round "2.2"]
[White "Lassila, Erkki"]
[Black "Tolonen, Leo Toivovich"]
[Result "1/2-1/2"]
[WhiteElo "2340"]
[BlackElo "2325"]
[PlyCount "55"]
[EventDate "2000.11.07"]
[EventType "team-tourn"]
[EventRounds "9"]
[EventCountry "FIN"]
[SourceTitle "EXT 2022"]
[Source "ChessBase"]
[SourceDate "2021.10.06"]
[SourceVersion "1"]
[SourceVersionDate "2021.10.06"]
[SourceQuality "1"]
[WhiteTeam "Turku TS"]
[BlackTeam "Jyvaskyla JyS"]
[WhiteTeamCountry "FIN"]
[BlackTeamCountry "FIN"]

1. d4 Nf6 2. c4 e6 3. Nf3 b6 4. g3 Ba6 5. b3 Bb4+ 6. Bd2 Be7 7. Bg2 c6 8. Bc3 d5 9. Ne5 Nfd7 10. Nxd7 Nxd7 11. Nd2 f5 12. 0-0 0-0 13. Rc1 Rc8 14. Rc2 Qe8 15. Bb2 Bd6 16. e3 Nf6 17. Qc1 Qe7 18. Rd1 g5 19. Nb1 b5 20. Bf1 g4 21. Ba3 Bxa3 22. Qxa3 Qxa3 23. Nxa3 b4 24. Nb1 Bb7 25. Nd2 Kf7 26. Rdc1 Ke7 27. h4 Kd6 28. cxd5 1/2-1/2

[Event "FIN-chT 9900"]
[Site "Finland"]
[Date "1999.??.??"]
[Round "3"]
[White "Kallio, Heikki"]
[Black "Lassila, Erkki"]
[Result "0-1"]
[WhiteElo "2360"]
[BlackElo "2325"]
[PlyCount "112"]
[EventDate "1999.??.??"]
[EventType "team-tourn"]
[EventRounds "9"]
[EventCountry "FIN"]
[SourceTitle "EXT 2001"]
[Source "ChessBase"]
[SourceDate "2000.11.22"]
[SourceVersion "1"]
[SourceVersionDate "2000.11.22"]
[SourceQuality "1"]
[WhiteTeam "Helsinki Garde"]
[BlackTeam "Turku TS"]
[WhiteTeamCountry "FIN"]
[BlackTeamCountry "FIN"]

1. Nf3 Nf6 2. g3 b6 3. Bg2 Bb7 4. 0-0 c5 5. d3 d5 6. Nbd2 e6 7. e4 Be7 8. e5 Nfd7 9. Re1 0-0 10. Nf1 Nc6 11. h4 Qc7 12. Bf4 d4 13. N1h2 Nb4 14. Bg5 Rae8 15. Qd2 f5 16. exf6 Bxf6 17. c3 dxc3 18. bxc3 Nd5 19. Bxf6 N5xf6 20. Ng5 Bxg2 21. Kxg2 Qc6+ 22. f3 h6 23. Ne4 Nxe4 24. dxe4 Ne5 25. Rad1 Qa4 26. Qe2 Rd8 27. Kh3 c4 28. Rd4 b5 29. Rf1 Qa3 30. f4 Nd3 31. Rxd8 Rxd8 32. f5 Qxc3 33. f6 Rf8 34. Ng4 h5 35. Nh6+ gxh6 36. Qxh5 Kh7 37. Qxb5 Ne5 38. Qa6 Qd3 39. Rf2 Qd7 40. g4 Nd3 41. Rf3 Ne5 42. Rf2 Qd3+ 43. Kg2 Qxe4+ 44. Kf1 Qxg4 45. Qd6 Qh3+ 46. Ke1 Nd3+ 47. Ke2 Qg4+ 48. Ke3 Rf7 49. Rf1 Qh3+ 50. Rf3 Qxh4 51. Qc6 Qe1+ 52. Kd4 Qe5+ 53. Kxc4 Rc7 54. Qxc7+ Qxc7+ 55. Kxd3 Kg8 56. Rg3+ Qxg3+ 0-1

[Event "FIN-chT 9900"]
[Site "Finland"]
[Date "1999.??.??"]
[Round "?"]
[White "Lassila, Erkki"]
[Black "Kytoniemi, Jyrki"]
[Result "1/2-1/2"]
[WhiteElo "2325"]
[BlackElo "2295"]
[PlyCount "74"]
[EventDate "1999.??.??"]
[EventType "team-tourn"]
[EventRounds "9"]
[EventCountry "FIN"]
[SourceTitle "EXT 2001"]
[Source "ChessBase"]
[SourceDate "2000.11.22"]
[SourceVersion "1"]
[SourceVersionDate "2000.11.22"]
[SourceQuality "1"]
[WhiteTeam "Turku TS"]
[BlackTeam "Tampere Taraus"]
[WhiteTeamCountry "FIN"]
[BlackTeamCountry "FIN"]

1. d4 e6 2. c4 c5 3. d5 d6 4. Nc3 Nf6 5. e4 exd5 6. cxd5 g6 7. Nf3 Bg7 8. h3 0-0 9. Bd3 Nbd7 10. 0-0 a6 11. a4 Ne8 12. Bg5 f6 13. Be3 Ne5 14. Nxe5 fxe5 15. a5 Qh4 16. Qd2 Bxh3 17. gxh3 Rf3 18. Bg5 Qxh3 19. Rfd1 Qg4+ 20. Kf1 Rh3 21. Ke1 Rxd3 22. Qxd3 Qxg5 23. Qh3 Nf6 24. Qe6+ Kh8 25. Qxd6 Rf8 26. Qxc5 Ng4 27. d6 Nxf2 28. d7 Nxd1 29. Rxd1 Rd8 30. Rd3 Qc1+ 31. Ke2 Qg5 32. Qc7 Bh6 33. Qxb7 Qg4+ 34. Ke1 Qg1+ 35. Ke2 Qg4+ 36. Ke1 Qg1+ 37. Ke2 Qg4+ 1/2-1/2

[Event "Porsgrunn U18"]
[Site "Porsgrunn"]
[Date "1996.??.??"]
[Round "?"]
[White "Christenson, Flemming"]
[Black "Lassila, Erkki"]
[Result "1/2-1/2"]
[WhiteElo "2070"]
[BlackElo "2190"]
[PlyCount "62"]
[EventDate "1996.??.??"]
[EventType "swiss"]
[EventRounds "9"]
[EventCountry "NOR"]
[SourceTitle "EXT 2006"]
[Source "ChessBase"]
[SourceDate "2005.11.24"]
[SourceVersion "1"]
[SourceVersionDate "2005.11.24"]
[SourceQuality "1"]

1. e4 c5 2. Ne2 Nc6 3. Nbc3 d6 4. g3 g6 5. Bg2 Bg7 6. d3 e6 7. Be3 Nd4 8. 0-0 Ne7 9. Qd2 0-0 10. f4 Rb8 11. Nd1 b5 12. c3 Nxe2+ 13. Qxe2 b4 14. e5 bxc3 15. bxc3 Ba6 16. Nf2 dxe5 17. fxe5 Bxe5 18. Bh6 Bxc3 19. Bxf8 Qxf8 20. Rab1 Bd4 21. Kh1 Nf5 22. Ng4 Rd8 23. Bb7 Bxb7+ 24. Rxb7 Qd6 25. Rxf5 exf5 26. Nh6+ Kg7 27. Nxf7 Qd5+ 28. Qg2 Qxg2+ 29. Kxg2 Ra8 30. Ng5+ Kf6 31. Nxh7+ Ke6 1/2-1/2

[Event "FIN-chT 9596"]
[Site "Finland"]
[Date "1996.??.??"]
[Round "7"]
[White "Lassila, Erkki"]
[Black "Haapasalo, Jukka Pekka"]
[Result "1-0"]
[WhiteElo "2190"]
[BlackElo "2240"]
[PlyCount "126"]
[EventDate "1995.??.??"]
[EventType "team"]
[EventRounds "11"]
[EventCountry "FIN"]
[SourceTitle "EXT 1998"]
[Source "ChessBase"]
[SourceDate "1997.11.17"]
[SourceVersion "1"]
[SourceVersionDate "1997.11.17"]
[SourceQuality "1"]

1. d4 Nf6 2. c4 e6 3. Nf3 a6 4. Nc3 c5 5. d5 b5 6. Bg5 b4 7. Ne4 Be7 8. Bxf6 Bxf6 9. dxe6 fxe6 10. Nd6+ Ke7 11. Qd2 Qc7 12. Rd1 Nc6 13. e3 Rb8 14. Be2 Ne5 15. Nxc8+ Rbxc8 16. Nxe5 Bxe5 17. f4 Bf6 18. 0-0 h5 19. Rf2 Rb8 20. Qc2 Rb6 21. Kh1 a5 22. Bf3 Rd6 23. Rdf1 h4 24. Be4 Rb6 25. Rd1 Rd6 26. Rdf1 Rb6 27. b3 Qa7 28. Rd2 Rd6 29. Rfd1 Rxd2 30. Rxd2 Rb8 31. Qd1 Rb6 32. Bc2 Qc7 33. Kg1 Bc3 34. Rd3 Qb7 35. Qg4 Bf6 36. e4 Bd4+ 37. Rxd4 cxd4 38. Qxg7+ Kd8 39. Qxd4 Rc6 40. Qh8+ Kc7 41. Qxh4 a4 42. Qf2 a3 43. e5 d6 44. h4 Qb8 45. h5 dxe5 46. fxe5 Rb6 47. Qf7+ Kc8 48. Qe8+ Kc7 49. Qe7+ Kc8 50. Qe8+ Kc7 51. Qxb8+ Rxb8 52. Kf2 Kd7 53. g4 Ke7 54. Ke3 Rg8 55. Bg6 Kf8 56. Kd4 Kg7 57. Kc5 Rb8 58. g5 Rb7 59. Be4 Rb8 60. h6+ Kh8 61. g6 Kg8 62. Bc6 Rc8 63. Kd6 Kh8 1-0

[Event "FIN-chT 9697"]
[Site "Finland"]
[Date "1996.??.??"]
[Round "5.3"]
[White "Lassila, Erkki"]
[Black "Laato, Antti"]
[Result "1-0"]
[WhiteElo "2190"]
[BlackElo "2245"]
[PlyCount "61"]
[EventDate "1996.??.??"]
[EventType "team"]
[EventRounds "9"]
[EventCountry "FIN"]
[SourceTitle "EXT 1999"]
[Source "ChessBase"]
[SourceDate "1998.11.16"]
[SourceVersion "1"]
[SourceVersionDate "1998.11.16"]
[SourceQuality "1"]

1. d4 Nf6 2. c4 g6 3. Nc3 Bg7 4. e4 d6 5. Nf3 0-0 6. Be2 e5 7. 0-0 Nc6 8. d5 Ne7 9. Ne1 Ne8 10. Nd3 f5 11. Bd2 c5 12. a3 Bd7 13. f3 f4 14. b4 b6 15. bxc5 bxc5 16. Rb1 Rb8 17. Rxb8 Qxb8 18. Qc2 Nf6 19. Rb1 Qa8 20. Nb5 Bxb5 21. Rxb5 Rb8 22. Qb3 Nd7 23. Ba5 Rxb5 24. Qxb5 Qc8 25. Bd1 Kf7 26. Ba4 Ke8 27. Nf2 Ng8 28. Qc6 Ne7 29. Qxd6 Qb7 30. Bb5 Nc8 31. Qe6+ 1-0

[Event "FIN-ch"]
[Site "Helsinki"]
[Date "1996.??.??"]
[Round "1"]
[White "Lassila, Erkki"]
[Black "Nouro, Mikael"]
[Result "1/2-1/2"]
[WhiteElo "2190"]
[BlackElo "2275"]
[PlyCount "89"]
[EventDate "1996.??.??"]
[EventType "swiss"]
[EventRounds "9"]
[EventCountry "FIN"]
[SourceTitle "EXT 1998"]
[Source "ChessBase"]
[SourceDate "1997.11.17"]
[SourceVersion "1"]
[SourceVersionDate "1997.11.17"]
[SourceQuality "1"]

1. d4 Nf6 2. c4 g6 3. Nc3 Bg7 4. e4 d6 5. Be2 0-0 6. Nf3 Bg4 7. Be3 Nfd7 8. Rc1 a6 9. Qd2 c5 10. d5 b5 11. cxb5 axb5 12. Bxb5 Bxf3 13. gxf3 Qa5 14. Bh6 Ne5 15. Be2 Qb4 16. Bxg7 Kxg7 17. a3 Qb3 18. f4 Nc4 19. Qc2 Na5 20. 0-0 Nd7 21. Bb5 Nf6 22. a4 Nh5 23. Ne2 Nf6 24. f3 Rfb8 25. Qxb3 Nxb3 26. Rc3 Na5 27. Rb1 Rb6 28. b4 Nb7 29. Bc6 Ra7 30. Rcb3 cxb4 31. Rxb4 Rxb4 32. Rxb4 Nc5 33. Nd4 Nh5 34. f5 Nf4 35. fxg6 hxg6 36. Nb5 Rxa4 37. Rxa4 Nxa4 38. Nxd6 exd6 39. Bxa4 Kf6 40. Kf2 Ke5 41. Be8 f5 42. Ke3 Ng2+ 43. Kf2 Nf4 44. Ke3 Ng2+ 45. Kf2 1/2-1/2

[Event "FIN-ch"]
[Site "Helsinki"]
[Date "1996.??.??"]
[Round "5"]
[White "Lassila, Erkki"]
[Black "Raaste, Eero J"]
[Result "1/2-1/2"]
[WhiteElo "2190"]
[BlackElo "2355"]
[PlyCount "35"]
[EventDate "1996.??.??"]
[EventType "swiss"]
[EventRounds "9"]
[EventCountry "FIN"]
[SourceTitle "EXT 1998"]
[Source "ChessBase"]
[SourceDate "1997.11.17"]
[SourceVersion "1"]
[SourceVersionDate "1997.11.17"]
[SourceQuality "1"]

1. d4 Nf6 2. c4 e5 3. dxe5 Ng4 4. Nf3 Bc5 5. e3 Nc6 6. Be2 Ngxe5 7. Nxe5 Nxe5 8. 0-0 0-0 9. Nc3 Re8 10. b3 a5 11. Ne4 Bf8 12. Ng3 Ra6 13. f4 Rd6 14. Qe1 Nd3 15. Bxd3 Rxd3 16. Qe2 Rd6 17. Ba3 Rh6 18. Bxf8 1/2-1/2

[Event "FIN-chT 9596"]
[Site "Finland"]
[Date "1996.??.??"]
[Round "1"]
[White "Lassila, Erkki"]
[Black "Tikkanen, Kari"]
[Result "1/2-1/2"]
[WhiteElo "2190"]
[BlackElo "2265"]
[PlyCount "50"]
[EventDate "1995.??.??"]
[EventType "team"]
[EventRounds "11"]
[EventCountry "FIN"]
[SourceTitle "EXT 1998"]
[Source "ChessBase"]
[SourceDate "1997.11.17"]
[SourceVersion "1"]
[SourceVersionDate "1997.11.17"]
[SourceQuality "1"]

1. d4 Nf6 2. c4 e6 3. Nf3 Bb4+ 4. Bd2 Qe7 5. Nc3 b6 6. g3 Bb7 7. Bg2 0-0 8. 0-0 d6 9. Qc2 c5 10. dxc5 bxc5 11. Rfd1 Nc6 12. Bg5 Bxc3 13. Qxc3 e5 14. e3 Rfd8 15. Rd2 h6 16. Bxf6 Qxf6 17. Ne1 Qe7 18. Rad1 e4 19. a3 a5 20. b3 Ne5 21. b4 axb4 22. axb4 Ra4 23. bxc5 Rxc4 24. cxd6 Rxd6 25. Qb2 Rxd2 1/2-1/2

[Event "FIN-chT"]
[Site "Finland"]
[Date "1995.??.??"]
[Round "?"]
[White "Lassila, Erkki"]
[Black "Kivisto, Mikko"]
[Result "1/2-1/2"]
[WhiteElo "2140"]
[BlackElo "2275"]
[PlyCount "71"]
[EventDate "1995.??.??"]
[EventType "team"]
[EventRounds "6"]
[EventCountry "FIN"]
[SourceTitle "EXT 1998"]
[Source "ChessBase"]
[SourceDate "1997.11.17"]
[SourceVersion "1"]
[SourceVersionDate "1997.11.17"]
[SourceQuality "1"]

1. d4 d5 2. c4 e6 3. Nf3 c6 4. cxd5 exd5 5. Nc3 Bf5 6. Bf4 Qb6 7. Qb3 Qxb3 8. axb3 Na6 9. e4 dxe4 10. Bxa6 bxa6 11. Nd2 Nf6 12. Rxa6 Nd5 13. Nxd5 cxd5 14. 0-0 Bb4 15. Rfa1 0-0 16. Nf1 Be6 17. Ne3 h6 18. h3 Rfc8 19. Kh2 Bd2 20. Nxd5 Bxd5 21. Bxd2 Rc2 22. Be3 Rxb2 23. Rxa7 Rd8 24. R1a3 Rxb3 25. Rxb3 Bxb3 26. Kg3 Bc4 27. h4 Bf1 28. Ra1 Bd3 29. Kf4 Rd5 30. Rc1 g5+ 31. hxg5 hxg5+ 32. Kg3 f5 33. Bxg5 Rxd4 34. Be3 Rc4 35. Ra1 Be2 36. Kf4 1/2-1/2

[Event "Four Nations U20"]
[Site "Tjele"]
[Date "1994.??.??"]
[Round "1"]
[White "Gabrielsen, Trond"]
[Black "Lassila, Erkki"]
[Result "1/2-1/2"]
[WhiteElo "2225"]
[BlackElo "2225"]
[PlyCount "45"]
[EventDate "1994.??.??"]
[EventType "team"]
[EventRounds "3"]
[EventCountry "DEN"]
[SourceTitle "EXT 1999"]
[Source "ChessBase"]
[SourceDate "1998.11.16"]
[SourceVersion "1"]
[SourceVersionDate "1998.11.16"]
[SourceQuality "1"]

1. e4 c5 2. Nf3 d6 3. d4 cxd4 4. Nxd4 Nf6 5. Nc3 Nc6 6. Bc4 e6 7. 0-0 Be7 8. Be3 0-0 9. Qe2 a6 10. Rad1 Qc7 11. Bb3 Nxd4 12. Bxd4 b5 13. e5 dxe5 14. Bxe5 Qc6 15. Rd3 Bb7 16. Rg3 Rad8 17. Qe3 Kh8 18. Rxg7 Kxg7 19. Qg5+ Kh8 20. Bxf6+ Bxf6 21. Qxf6+ Kg8 22. Qg5+ Kh8 23. Qf6+ 1/2-1/2

[Event "Four Nations U20"]
[Site "Tjele"]
[Date "1994.??.??"]
[Round "3"]
[White "Pedersen, Nicolai Vesterbaek"]
[Black "Lassila, Erkki"]
[Result "1/2-1/2"]
[WhiteElo "2115"]
[BlackElo "2225"]
[PlyCount "25"]
[EventDate "1994.??.??"]
[EventType "team"]
[EventRounds "3"]
[EventCountry "DEN"]
[SourceTitle "EXT 1999"]
[Source "ChessBase"]
[SourceDate "1998.11.16"]
[SourceVersion "1"]
[SourceVersionDate "1998.11.16"]
[SourceQuality "1"]

1. e4 c5 2. c3 d5 3. exd5 Qxd5 4. d4 Nf6 5. Nf3 e6 6. Bd3 cxd4 7. cxd4 Nc6 8. Nc3 Qd6 9. 0-0 Be7 10. Nb5 Qd8 11. Bf4 Nd5 12. Bg3 a6 13. Nc3 1/2-1/2

[Event "EU-ch U18"]
[Site "Vejen"]
[Date "1993.??.??"]
[Round "11"]
[White "Brancaleoni, Maurizio"]
[Black "Lassila, Erkki"]
[Result "1-0"]
[WhiteElo "2195"]
[BlackElo "2115"]
[PlyCount "83"]
[EventDate "1993.??.??"]
[EventType "swiss"]
[EventRounds "11"]
[EventCountry "DEN"]
[SourceTitle "EXT 1999"]
[Source "ChessBase"]
[SourceDate "1998.11.16"]
[SourceVersion "1"]
[SourceVersionDate "1998.11.16"]
[SourceQuality "1"]

1. d4 d5 2. c4 e6 3. Nc3 Nf6 4. cxd5 exd5 5. Bg5 Nbd7 6. e3 Be7 7. Bd3 0-0 8. Nge2 Re8 9. Qc2 Nf8 10. 0-0 c6 11. f3 b6 12. Rad1 Bb7 13. e4 h6 14. Bxf6 Bxf6 15. e5 Be7 16. f4 a6 17. Kh1 c5 18. Qd2 Qc7 19. Bb1 Rad8 20. Qd3 b5 21. dxc5 Qxc5 22. Nd4 b4 23. Nce2 Qb6 24. Qg3 Bc8 25. f5 Bc5 26. f6 g6 27. Qe3 Kh7 28. Rf4 Ne6 29. Rh4 Bf8 30. Qg3 Nxd4 31. Nxd4 Be6 32. Nf3 Rd7 33. h3 Rc8 34. Kh2 a5 35. Bd3 Kg8 36. Nd4 Kh7 37. Rf1 Rdc7 38. Rff4 Rc1 39. Qg5 Qc5 40. Rxh6+ Bxh6 41. Qxh6+ Kxh6 42. Rh4+ 1-0